[Event "FICGS W-ch st2 g04 email"]
[Site "FICGS email"]
[Date "2011.04.03"]
[Round "1"]
[White "Leon, Andres E"]
[Black "Fraczek, Dariusz"]
[Result "1/2-1/2"]
[WhiteElo "2100"]
[BlackElo "2267"]
[PlyCount "41"]
[EventDate "2011.??.??"]
[EventType "tourn (corr)"]
[EventRounds "6"]
[SourceTitle "Corr 2013"]
[Source "ChessBase"]
[SourceDate "2012.11.12"]
[SourceVersion "1"]
[SourceVersionDate "2012.11.12"]
[SourceQuality "1"]

1. e4 e6 2. d4 d5 3. Nc3 Nf6 4. Bg5 Bb4 5. e5 h6 6. exf6 hxg5 7. fxg7 Rg8 8. Qd3 Rxg7 9. 0-0-0 Nc6 10. Kb1 Bd7 11. h4 gxh4 12. a3 Bd6 13. Re1 Qf6 14. Nxd5 Qxd4 15. Qxd4 Nxd4 16. Nf6+ Ke7 17. Nxd7 Kxd7 18. Rxh4 Nf5 19. Rh5 Rgg8 20. Nf3 Rh8 21. Rg5 1/2-1/2

[Event "FICGS W-ch st1 g13 email"]
[Site "FICGS email"]
[Date "2010.07.02"]
[Round "1"]
[White "Leon, Andres E"]
[Black "Millet, Christophe"]
[Result "1-0"]
[WhiteElo "2031"]
[BlackElo "1600"]
[PlyCount "25"]
[EventDate "2010.??.??"]
[EventType "tourn (corr)"]
[EventRounds "6"]
[SourceTitle "Corr 2013"]
[Source "ChessBase"]
[SourceDate "2012.11.12"]
[SourceVersion "1"]
[SourceVersionDate "2012.11.12"]
[SourceQuality "1"]

1. e4 Nc6 2. Nf3 Nf6 3. e5 Nd5 4. d4 d6 5. c4 Nb6 6. Nc3 dxe5 7. d5 Na5 8. c5 Nbc4 9. Bxc4 Nxc4 10. Qa4+ c6 11. Qxc4 cxd5 12. Qb5+ Qd7 13. Nxe5 1-0

[Event "FICGS W-ch st1 g13 email"]
[Site "FICGS email"]
[Date "2010.07.02"]
[Round "1"]
[White "Leon, Andres E"]
[Black "Pereira, Nilson Jose Espindo"]
[Result "1-0"]
[WhiteElo "2031"]
[BlackElo "1905"]
[PlyCount "49"]
[EventDate "2010.??.??"]
[EventType "tourn (corr)"]
[EventRounds "6"]
[SourceTitle "Corr 2013"]
[Source "ChessBase"]
[SourceDate "2012.11.12"]
[SourceVersion "1"]
[SourceVersionDate "2012.11.12"]
[SourceQuality "1"]

1. e4 c5 2. Nf3 d6 3. Bb5+ Bd7 4. Bxd7+ Qxd7 5. 0-0 Nf6 6. Re1 Nc6 7. c3 e6 8. d4 cxd4 9. cxd4 d5 10. e5 Ne4 11. Nbd2 Nxd2 12. Bxd2 Be7 13. Rc1 0-0 14. Re3 Rfc8 15. Rec3 Nd8 16. Qb3 h6 17. g3 Rxc3 18. Bxc3 Rc8 19. a3 b5 20. Qd1 Nc6 21. Kg2 a5 22. Qd3 a4 23. Bd2 Na7 24. Rd1 Qc7 25. Rc1 1-0

[Event "FICGS rapid A 000075 email"]
[Site "FICGS email"]
[Date "2010.01.20"]
[Round "1"]
[White "Leon, Andres E"]
[Black "Panov, Dmitry"]
[Result "1-0"]
[WhiteElo "1904"]
[BlackElo "1965"]
[PlyCount "93"]
[EventDate "2010.??.??"]
[EventType "tourn (rapid)"]
[EventRounds "6"]
[SourceTitle "Corr 2013"]
[Source "ChessBase"]
[SourceDate "2012.11.12"]
[SourceVersion "1"]
[SourceVersionDate "2012.11.12"]
[SourceQuality "1"]

1. e4 e5 2. Nf3 Nf6 3. Nxe5 d6 4. Nf3 Nxe4 5. d4 d5 6. Bd3 Bd6 7. 0-0 0-0 8. c4 c6 9. Re1 Re8 10. Nc3 Nxc3 11. bxc3 dxc4 12. Bg5 Rxe1+ 13. Qxe1 Qf8 14. Bxc4 Nd7 15. Bd3 f6 16. Qe4 g6 17. Bh6 Qxh6 18. Qe6+ Kh8 19. Qxd6 Qf8 20. Qc7 Nb6 21. c4 Be6 22. c5 Nd5 23. Qxb7 Qc8 24. Ba6 Nb4 25. Qxc8+ Bxc8 26. Bxc8 Rxc8 27. Rb1 Nxa2 28. Ra1 Nb4 29. Rxa7 Kg8 30. g3 Nd5 31. Kf1 Rb8 32. Rd7 Rb1+ 33. Ke2 Rb2+ 34. Nd2 f5 35. Rd6 Nb4 36. Rd8+ Kf7 37. Rd7+ Ke6 38. Rxh7 f4 39. Rb7 Kd5 40. Rd7+ Ke6 41. Rd6+ Kf5 42. Rd8 fxg3 43. Rf8+ Kg5 44. hxg3 Ra2 45. Rb8 Nd5 46. Kd3 Ra3+ 47. Rb3 1-0

[Event "FICGS rapid B 000133 email"]
[Site "FICGS email"]
[Date "2009.12.09"]
[Round "1"]
[White "Leon, Andres E"]
[Black "Sarraute, Benoit"]
[Result "1-0"]
[WhiteElo "1800"]
[BlackElo "1800"]
[PlyCount "57"]
[EventDate "2009.??.??"]
[EventType "tourn (rapid)"]
[EventRounds "6"]
[SourceTitle "Corr 2022"]
[Source "ChessBase"]
[SourceDate "2021.10.24"]
[SourceVersion "1"]
[SourceVersionDate "2021.10.24"]
[SourceQuality "1"]

1. e4 e5 2. Nf3 d6 3. d4 Nc6 4. Bb5 Bd7 5. Nc3 exd4 6. Nxd4 Nxd4 7. Bxd7+ Qxd7 8. Qxd4 Nf6 9. 0-0 Be7 10. Rd1 0-0 11. e5 Ne8 12. Bf4 Rd8 13. Qxa7 b6 14. exd6 Bxd6 15. Bxd6 Nxd6 16. Nd5 Nb5 17. Qa4 Nd6 18. Qxd7 Rxd7 19. Nxc7 Rxc7 20. Rxd6 Rxc2 21. Rxb6 h6 22. a4 Rfc8 23. g3 Rc1+ 24. Rxc1 Rxc1+ 25. Kg2 Ra1 26. Rb8+ Kh7 27. b3 g6 28. Rb5 Kg7 29. a5 1-0